000 00718nam a2200253 i 4500
001 C2-0116765
003 PPAK
005 20180727110046.0
008 970722s1988 my |||| ||||| | may d
020 _a9836203524
040 _aPPAK
_beng
_cPPAK
_erda
082 0 4 _a330.9595
_223
090 0 0 _a330.9595
_bJOM
_dG
090 0 0 _a330.9595
_bJOM
_dKIH
090 0 0 _a330.9595
_bJOM
_dKMI
100 0 _aJomo,
_eauthor
245 1 0 _aPembangunan Ekonomi Dan Kelas Sosial Di Semenanjung Malaysia
264 1 _aKuala Lumpur :
_bDewan Bahasa dan Pustaka ,
_c1988
300 _axviii, 409 pages ;
_c24 cm
336 _2rdacontent
_atext
337 _2rdamedia
_aunmediated
338 _2rdacarrier
_avolume
942 _ddc
_cB
999 _c30879
_d30879